<?xml version="1.0" encoding="UTF-8"?>
<record
    xmlns:xsi="http://www.w3.org/2001/XMLSchema-instance"
    xsi:schemaLocation="http://www.loc.gov/MARC21/slim http://www.loc.gov/standards/marcxml/schema/MARC21slim.xsd"
    xmlns="http://www.loc.gov/MARC21/slim">

  <leader>01692nam a2200349 a 4500</leader>
  <controlfield tag="001">000038305</controlfield>
  <controlfield tag="003">OSt</controlfield>
  <controlfield tag="005">20251120073733.0</controlfield>
  <controlfield tag="007">ta</controlfield>
  <controlfield tag="008">130408s1989    dr ad         001 0dspa d</controlfield>
  <datafield tag="040" ind1=" " ind2=" ">
    <subfield code="a">DO-SdBNP</subfield>
    <subfield code="b">spa</subfield>
    <subfield code="c">BNPHU</subfield>
    <subfield code="e">rda</subfield>
  </datafield>
  <datafield tag="041" ind1=" " ind2=" ">
    <subfield code="h">spa</subfield>
  </datafield>
  <datafield tag="082" ind1=" " ind2="4">
    <subfield code="a">658.4033</subfield>
    <subfield code="b">L865m</subfield>
    <subfield code="2">22</subfield>
  </datafield>
  <datafield tag="100" ind1="1" ind2=" ">
    <subfield code="a">Lora,  Ricardo</subfield>
    <subfield code="9">58681</subfield>
    <subfield code="d">1941-</subfield>
    <subfield code="e">autor</subfield>
  </datafield>
  <datafield tag="245" ind1="1" ind2="0">
    <subfield code="a">M&#xE9;todos cuantitativos en la toma de decisiones /</subfield>
    <subfield code="c">Ricardo Lora, Ram&#xF3;n Grull&#xF3;n </subfield>
  </datafield>
  <datafield tag="250" ind1=" " ind2=" ">
    <subfield code="a">2a. ed.</subfield>
  </datafield>
  <datafield tag="264" ind1=" " ind2=" ">
    <subfield code="a">Santiago de los Caballeros :</subfield>
    <subfield code="b">PCMM ,</subfield>
    <subfield code="c">1989.</subfield>
  </datafield>
  <datafield tag="300" ind1=" " ind2=" ">
    <subfield code="a">334 p&#xE1;ginas :</subfield>
    <subfield code="b">ilustraciones, gr&#xE1;ficos ;</subfield>
    <subfield code="c">21 cm.</subfield>
  </datafield>
  <datafield tag="336" ind1=" " ind2=" ">
    <subfield code="2">rdacontent</subfield>
    <subfield code="a">texto</subfield>
    <subfield code="b">txt</subfield>
  </datafield>
  <datafield tag="337" ind1=" " ind2=" ">
    <subfield code="2">rdamedia</subfield>
    <subfield code="a">sin mediaci&#xF3;n</subfield>
    <subfield code="b">n</subfield>
  </datafield>
  <datafield tag="338" ind1=" " ind2=" ">
    <subfield code="2">rdacarrier</subfield>
    <subfield code="a">volumen</subfield>
    <subfield code="b">nc</subfield>
  </datafield>
  <datafield tag="490" ind1="0" ind2=" ">
    <subfield code="a">Textos</subfield>
  </datafield>
  <datafield tag="500" ind1=" " ind2=" ">
    <subfield code="a">Incluye datos biogr&#xE1;ficos del autor en la solapa de la contracubierta</subfield>
  </datafield>
  <datafield tag="504" ind1=" " ind2=" ">
    <subfield code="a">Bibliograf&#xED;a: p. 333-334</subfield>
  </datafield>
  <datafield tag="505" ind1="2" ind2=" ">
    <subfield code="a">Cap&#xED;tulo 1 :</subfield>
    <subfield code="t">Visi&#xF3;n global de la toma de decisiones en el mundo de hoy.-</subfield>
    <subfield code="g">Capitulo. 2.</subfield>
    <subfield code="t">Punto de equilibrio.-</subfield>
    <subfield code="g">Capitulo 3. </subfield>
    <subfield code="t">Programaci&#xF3;n lineal.-</subfield>
    <subfield code="g">Capitulo 4.</subfield>
    <subfield code="t">Problema dual y an&#xE1;lisis de sensibilidad.-</subfield>
    <subfield code="g">Capitulo 5.</subfield>
    <subfield code="t">Modelos de transportaci&#xF3;n y de asignaci&#xF3;n.-</subfield>
    <subfield code="g">Capitulo 6. </subfield>
    <subfield code="t">M&#xE9;todos gr&#xE1;ficos de planeaci&#xF3;n de proyectos.-</subfield>
    <subfield code="g">Capitulo7. </subfield>
    <subfield code="t">Decisiones y &#xE1;rbol de decisiones.-</subfield>
    <subfield code="t">Ap&#xE9;ndice A..  Matrices y vectores.-</subfield>
    <subfield code="t">Ap&#xE9;ndice B. Fundamentos de probabilidad</subfield>
    <subfield code="t">Tabla Normal Est&#xE1;ndar.</subfield>
    <subfield code="t">Bibliograf&#xED;a </subfield>
  </datafield>
  <datafield tag="590" ind1=" " ind2=" ">
    <subfield code="a">Inventariado, 2023 /LP</subfield>
  </datafield>
  <datafield tag="650" ind1=" " ind2=" ">
    <subfield code="a">Toma de decisiones</subfield>
    <subfield code="x">Modelos matem&#xE1;ticos </subfield>
    <subfield code="9">77176</subfield>
  </datafield>
  <datafield tag="700" ind1="1" ind2="2">
    <subfield code="a">Grull&#xF3;n , Ram&#xF3;n ,</subfield>
    <subfield code="9">64667</subfield>
    <subfield code="d">1945-</subfield>
    <subfield code="e">autor</subfield>
  </datafield>
  <datafield tag="710" ind1="2" ind2=" ">
    <subfield code="a">Pontificia  Universidad Cat&#xF3;lica Madre y Maestra </subfield>
    <subfield code="9">843</subfield>
  </datafield>
  <datafield tag="910" ind1=" " ind2=" ">
    <subfield code="a">Validado. Control de calidad MFF</subfield>
  </datafield>
  <datafield tag="942" ind1=" " ind2=" ">
    <subfield code="2">ddc</subfield>
    <subfield code="c">LBS1</subfield>
  </datafield>
  <datafield tag="952" ind1=" " ind2=" ">
    <subfield code="0">0</subfield>
    <subfield code="1">0</subfield>
    <subfield code="2">ddc</subfield>
    <subfield code="5">1</subfield>
    <subfield code="7">0</subfield>
    <subfield code="8">PD</subfield>
    <subfield code="a">BNPHU</subfield>
    <subfield code="b">BNPHU</subfield>
    <subfield code="c">HD</subfield>
    <subfield code="d">2013-04-08</subfield>
    <subfield code="l">0</subfield>
    <subfield code="o">BNPHU PD 658.4033 L865m 1989</subfield>
    <subfield code="p">38305-10</subfield>
    <subfield code="r">2020-06-25</subfield>
    <subfield code="w">2020-06-25</subfield>
    <subfield code="y">LBS1</subfield>
  </datafield>
  <datafield tag="952" ind1=" " ind2=" ">
    <subfield code="0">0</subfield>
    <subfield code="1">0</subfield>
    <subfield code="2">ddc</subfield>
    <subfield code="5">1</subfield>
    <subfield code="7">0</subfield>
    <subfield code="8">PD</subfield>
    <subfield code="a">BNPHU</subfield>
    <subfield code="b">BNPHU</subfield>
    <subfield code="c">HD</subfield>
    <subfield code="d">2020-11-30</subfield>
    <subfield code="e">Donado por FUNDI</subfield>
    <subfield code="l">0</subfield>
    <subfield code="o">BNPHU PD 658.4033 L865m 1989</subfield>
    <subfield code="p">38305-20</subfield>
    <subfield code="r">2020-11-30</subfield>
    <subfield code="t">e.2</subfield>
    <subfield code="w">2020-11-30</subfield>
    <subfield code="y">LBS1</subfield>
  </datafield>
  <datafield tag="952" ind1=" " ind2=" ">
    <subfield code="0">0</subfield>
    <subfield code="1">0</subfield>
    <subfield code="2">ddc</subfield>
    <subfield code="5">6</subfield>
    <subfield code="7">0</subfield>
    <subfield code="8">DS</subfield>
    <subfield code="a">BNPHU</subfield>
    <subfield code="b">BNPHU</subfield>
    <subfield code="c">HD</subfield>
    <subfield code="d">2013-11-30</subfield>
    <subfield code="e">Donado por familia Reyes Duluc</subfield>
    <subfield code="l">0</subfield>
    <subfield code="o">BNPHU DS 658.4033 L865m 1989</subfield>
    <subfield code="p">38305-30</subfield>
    <subfield code="r">2020-11-30</subfield>
    <subfield code="t">e.3</subfield>
    <subfield code="w">2020-11-30</subfield>
    <subfield code="y">LBS1</subfield>
  </datafield>
  <datafield tag="952" ind1=" " ind2=" ">
    <subfield code="0">0</subfield>
    <subfield code="1">0</subfield>
    <subfield code="2">ddc</subfield>
    <subfield code="5">6</subfield>
    <subfield code="7">0</subfield>
    <subfield code="8">DS</subfield>
    <subfield code="a">BNPHU</subfield>
    <subfield code="b">BNPHU</subfield>
    <subfield code="c">HD</subfield>
    <subfield code="d">2023-07-14</subfield>
    <subfield code="l">0</subfield>
    <subfield code="o">BNPHU DS 658.4033 L865m</subfield>
    <subfield code="p">2023-4880</subfield>
    <subfield code="r">2023-07-14</subfield>
    <subfield code="t">e.4</subfield>
    <subfield code="w">2023-07-14</subfield>
    <subfield code="y">LBS1</subfield>
  </datafield>
  <datafield tag="999" ind1=" " ind2=" ">
    <subfield code="c">37795</subfield>
    <subfield code="d">37795</subfield>
  </datafield>
</record>
